000 01087nas a2200241 i 4500
001 176689
003 ES-MaACL
005 20230906220149.0
008 110202d19481962sp q|yp | ||pa d
022 _a0004-0568
080 _a61(460)(05)
245 0 0 _aArchivos de medicina experimental.
260 _aMadrid :
_bConsejo Superior de Investigaciones Científicas,
_c1948-1962.
300 _a4 v. :
_bil. bl. y n. ;
_c25 cm.
310 _aIrregular
505 8 _aContiene: v. XI, fasc. III. - v. XII, fasc. I.- v. XXIII, fasc. I y II. Homenaje al profesor don Fernando Enríquez de Salamanca Danvila, con motivo de su setenta cumpleaños.- v. XXV, fasc. I y II
546 _aResúmenes en español, francés, inglés y alemán.
650 0 4 _aMedicina-
_xPublicaciones periódicas-
_zEspaña.
_914916
710 2 _aInstituto Nacional de Ciencias Médicas (España)
_95146
710 2 _aConsejo Superior de Investigaciones Científicas (España)
_93236
780 0 0 _aTrabajos del Instituto Nacional de Ciencias Médicas, Madrid
852 _aES-MaACL
_jE-14157-60
_xOlim P-558-bis
999 _c176689
_d176689